Страны с наибольшим количеством католиков - Statistics

General Stats
  • This quiz has been taken 337 times
  • The average score is 13 of 21
Answer Stats
# Страна % Correct
76,5 млн Соединённые Штаты Америки
93%
35,6 млн Франция
92%
30,3 млн Испания
92%
45,3 млн Италия
89%
126 млн Бразилия
87%
20,7 млн Германия
87%
11,7 млн Канада
83%
97,8 млн Мексика
81%
28,7 млн Аргентина
80%
28,8 млн Польша
79%
38,9 млн Колумбия
64%
20,1 млн Венесуэла
63%
25,9 млн Перу
62%
17,2 млн Индия
61%
28,6 млн Нигерия
47%
14,0 млн Эквадор
42%
48,2 млн Демократическая Республика Конго
37%
95,7 млн Филиппины
31%
19,6 млн Ангола
15%
19,5 млн Танзания
15%
20,8 млн Уганда
7%
No matching quizzes found
Score Distribution
Percent of People with Each Score
Percentile by Number Answered
Your Score History
You have not taken this quiz